000 00671cab a2200217 4500
001 WB3316-29
008 090401t1997 xxu||||| |||| 00| 0 eng d
035 _a(Sirsi) u77911
041 _aeng
245 _aBig Growth for Retail
260 _c1997
350 _a0
490 _aEstates News
_vApril 1997,2(1)
520 _aThe biggest market growth is to be expected over the next 2 to 3 years in Moscow`s retail sector, according to local property industry experts.
650 _aMOSCOW
650 _aPROPERTY-COMMERCIAL PROPERTY-RETAIL PROPERTY-RETAIL PROPERTY MARKET
650 _aRUSSIA
690 _aOVERSEAS-EUROPE
942 _n0
948 _c23/04/1997
999 _c48994
_d48994